[Event "Provence-ch 0607"]
[Site "Provence"]
[Date "2007.05.05"]
[Round "8"]
[White "Dimitrov, Christo"]
[Black "Hulin, Jerome"]
[Result "1-0"]
[WhiteElo "2259"]
[BlackElo "2085"]
[PlyCount "95"]
[EventDate "2007.01.27"]
[EventType "tourn"]
[EventRounds "9"]
[EventCountry "FRA"]
[SourceTitle "EXT 2008"]
[Source "ChessBase"]
[SourceDate "2007.11.25"]
[SourceVersion "1"]
[SourceVersionDate "2007.11.25"]
[SourceQuality "1"]

1. e4 c5 2. Nc3 Nc6 3. f4 g6 4. Nf3 Bg7 5. Bb5 Nd4 6. Bd3 d6 7. Nxd4 cxd4 8. Ne2 Nf6 9. 0-0 0-0 10. c3 dxc3 11. bxc3 b6 12. Bc2 Bb7 13. d3 Qc7 14. Bd2 Rac8 15. Qe1 e6 16. Qg3 Nh5 17. Qh3 e5 18. f5 d5 19. exd5 Bxd5 20. Rf2 b5 21. Qh4 Qc5 22. g4 Nf4 23. Bxf4 exf4 24. f6 Bh8 25. g5 Rfe8 26. d4 Qd6 27. Qxf4 Qxf4 28. Nxf4 Be4 29. Re1 Bxc2 30. Rxe8+ Rxe8 31. Rxc2 h6 32. h4 Re4 33. Rf2 Kf8 34. Kg2 Re3 35. Rc2 Ke8 36. Kf2 Re4 37. Kf3 Re1 38. Re2+ Rxe2 39. Nxe2 Kd7 40. Ke4 Bxf6 41. gxf6 Ke6 42. d5+ Kxf6 43. Nd4 g5 44. d6 gxh4 45. Kd5 h3 46. d7 Ke7 47. Kc6 h2 48. Kc7 1-0

[Event "FRA-chT1B 0607"]
[Site "France"]
[Date "2007.03.11"]
[Round "11.6"]
[White "Hulin, Jerome"]
[Black "Fayard, Alain"]
[Result "0-1"]
[WhiteElo "2082"]
[BlackElo "2257"]
[PlyCount "180"]
[EventDate "2006.10.15"]
[EventType "team"]
[EventRounds "11"]
[EventCountry "FRA"]
[SourceTitle "EXT 2008"]
[Source "ChessBase"]
[SourceDate "2007.11.25"]
[SourceVersion "1"]
[SourceVersionDate "2007.11.25"]
[SourceQuality "1"]
[WhiteTeam "Marseille Duchamps"]
[BlackTeam "Vincennes"]
[WhiteTeamCountry "FRA"]
[BlackTeamCountry "FRA"]

1. d4 Nf6 2. c4 e6 3. Nc3 Bb4 4. Nf3 c5 5. g3 b6 6. Bg2 Bb7 7. 0-0 cxd4 8. Nb5 0-0 9. Bf4 Nc6 10. Nd6 Ba6 11. Nxd4 Qe7 12. Bxc6 Bxd6 13. Bxa8 Bxf4 14. Bg2 Bb8 15. Qa4 Bc8 16. Rfd1 h5 17. Nb5 a6 18. Qa3 Qd8 19. Nd6 h4 20. Qf3 hxg3 21. hxg3 Nh7 22. Rd4 f5 23. Rad1 Nf6 24. b4 e5 25. Rh4 g6 26. c5 bxc5 27. bxc5 Ba7 28. Qc3 Qe7 29. Qc1 f4 30. Qc2 Kg7 31. Be4 fxg3 32. fxg3 Nxe4 33. Nxe4 Bb7 34. Qc1 Bxe4 35. Qh6+ Kf7 36. Rxe4 Bxc5+ 37. e3 Qe6 38. Rf1+ Ke8 39. Rxf8+ Bxf8 40. Qh8 d6 41. Rb4 Qc8 42. Rb1 Qc7 43. Qg8 Qa7 44. Qxg6+ Kd8 45. Qg5+ Be7 46. Qg8+ Kd7 47. Kf2 Qc7 48. Qg4+ Ke8 49. Qg6+ Kd7 50. Qe4 Ke6 51. Qg4+ Kf6 52. Rf1 Kf7 53. Qh5+ Kg7 54. Kg1 Bf6 55. Qf5 Qe7 56. Qg4+ Bg5 57. Rb1 Kh6 58. Kg2 Kg7 59. Qe4 Qe6 60. Rb7+ Kf6 61. Rb2 Kg7 62. Rd2 Be7 63. Kg1 Bg5 64. Rh2 Bh6 65. Qb7+ Kg6 66. Qe4+ Kg7 67. Rh4 Qf6 68. Kg2 Qf7 69. Rg4+ Kh8 70. Qa8+ Kh7 71. e4 Qxa2+ 72. Kh3 Qf7 73. Qxa6 Qh5+ 74. Rh4 Qd1 75. Qb7+ Kg6 76. Qb2 Bg5 77. Rg4 Kh5 78. Rxg5+ Kxg5 79. Kg2 Kg4 80. Qc3 Qe2+ 81. Kg1 Qxe4 82. Qc8+ Kxg3 83. Qg8+ Qg4 84. Qb3+ Kf4+ 85. Kf2 Qh4+ 86. Kg2 Qg4+ 87. Kf2 Qf5 88. Qd5 Qc2+ 89. Kf1 Qb1+ 90. Kg2 Qe4+ 0-1

[Event "Provence-ch 0607"]
[Site "Provence"]
[Date "2007.01.27"]
[Round "2"]
[White "Fevat, Tristan"]
[Black "Hulin, Jerome"]
[Result "1-0"]
[WhiteElo "2086"]
[BlackElo "2085"]
[PlyCount "91"]
[EventDate "2007.01.27"]
[EventType "tourn"]
[EventRounds "9"]
[EventCountry "FRA"]
[SourceTitle "EXT 2008"]
[Source "ChessBase"]
[SourceDate "2007.11.25"]
[SourceVersion "1"]
[SourceVersionDate "2007.11.25"]
[SourceQuality "1"]

1. e4 Nc6 2. Nf3 d6 3. c3 Nf6 4. Qc2 Bg4 5. d4 e6 6. Bg5 Be7 7. Nbd2 d5 8. Bb5 Bxf3 9. gxf3 Nh5 10. Bxe7 Qxe7 11. 0-0-0 0-0 12. exd5 exd5 13. Qf5 Nf6 14. Rhg1 Nd8 15. Nf1 Ne6 16. Ne3 Rad8 17. Qe5 Ne8 18. Bxe8 Qxe8 19. Nxd5 Rxd5 20. Qxd5 Nf4 21. Qxb7 Ne2+ 22. Kd2 Nxg1 23. Rxg1 Qe6 24. Qxc7 Qxa2 25. Qb7 a5 26. Kd3 Re8 27. Qd7 Rf8 28. Qb5 Qe6 29. Qe5 Qa6+ 30. c4 g6 31. Ra1 Qb7 32. d5 a4 33. h4 Rd8 34. h5 Qb3+ 35. Qc3 Qb6 36. h6 f6 37. Qd4 Qb3+ 38. Qc3 Qb6 39. Rxa4 Kf7 40. Rb4 Qxf2 41. Rb7+ Kg8 42. Qxf6 Qf1+ 43. Kc3 Qe1+ 44. Kb3 Qe3+ 45. Kb4 Qxh6 46. Qxd8+ 1-0

[Event "FRA-chT2C 0506"]
[Site "France"]
[Date "2006.01.15"]
[Round "6.6"]
[White "Hulin, Jerome"]
[Black "Sanchez, Nicolas"]
[Result "1-0"]
[WhiteElo "2022"]
[BlackElo "2199"]
[PlyCount "75"]
[EventDate "2005.10.27"]
[EventType "team"]
[EventRounds "11"]
[EventCountry "FRA"]
[SourceTitle "EXT 2006"]
[Source "ChessBase"]
[SourceDate "2005.11.24"]
[SourceVersion "1"]
[SourceVersionDate "2005.11.24"]
[SourceQuality "1"]
[WhiteTeam "Marseille Duchamps"]
[WhiteTeamCountry "FRA"]

1. d4 Nf6 2. c4 g6 3. Nc3 Bg7 4. e4 d6 5. Nf3 0-0 6. Be2 Na6 7. 0-0 e5 8. Be3 Ng4 9. Bg5 f6 10. Bh4 Qe8 11. c5 Be6 12. d5 Bc8 13. cxd6 cxd6 14. Nb5 Qe7 15. Rc1 Nh6 16. a3 Nf7 17. b4 h5 18. h3 Bh6 19. Rc3 Bd7 20. Qb3 Bxb5 21. Bxb5 Nc7 22. Bxf6 Qxf6 23. Rxc7 Rab8 24. Bd7 Kh8 25. Be6 a6 26. Qa4 g5 27. Qd7 Rbd8 28. Qe7 Qxe7 29. Rxe7 Kg7 30. g4 hxg4 31. hxg4 Rb8 32. Rc1 Kf6 33. Rcc7 Nd8 34. Nd2 Rh8 35. Bf5 Bf8 36. Red7 b5 37. Nf1 Rh4 38. Ng3 1-0

[Event "Saint Affrique op 13th"]
[Site "Saint Affrique"]
[Date "2005.07.24"]
[Round "2"]
[White "Hulin, Jerome"]
[Black "Flear, Glenn C"]
[Result "0-1"]
[WhiteElo "2017"]
[BlackElo "2509"]
[PlyCount "88"]
[EventDate "2005.07.23"]
[EventType "swiss"]
[EventRounds "9"]
[EventCountry "FRA"]
[SourceTitle "CBM 107 Extra"]
[Source "ChessBase"]
[SourceDate "2005.09.01"]
[SourceVersion "1"]
[SourceVersionDate "2005.09.01"]
[SourceQuality "1"]

1. d4 d5 2. c4 e6 3. Nc3 c6 4. Nf3 Nf6 5. Bg5 Nbd7 6. e3 Qa5 7. Nd2 dxc4 8. Bxf6 Nxf6 9. Nxc4 Qc7 10. Be2 Be7 11. 0-0 0-0 12. a3 Rd8 13. b4 b6 14. Qb3 Bb7 15. Bf3 Nd5 16. Rac1 Rac8 17. Rfd1 c5 18. Nb5 Qb8 19. dxc5 bxc5 20. bxc5 Bxc5 21. Nd4 Nb6 22. Bxb7 Qxb7 23. Na5 Qd5 24. Qxd5 Rxd5 25. Nac6 e5 26. Rxc5 Rxc5 27. Ne7+ Kf8 28. Nxc8 Rxc8 29. Nf3 f6 30. Kf1 Rc2 31. Ra1 Na4 32. Ne1 Rd2 33. Nf3 Rc2 34. Rb1 Nc5 35. Ng1 Ra2 36. Rc1 Nd3 37. Rc8+ Kf7 38. Nh3 g5 39. Rd8 Rxa3 40. Ke2 g4 41. Ng1 e4 42. Kd2 Ra2+ 43. Kc3 Rxf2 44. Rd7+ Kg6 0-1

[Event "Bethune op 24th"]
[Site "Bethune"]
[Date "2003.12.30"]
[Round "7"]
[White "Jossien, Remy"]
[Black "Hulin, Jerome"]
[Result "1-0"]
[WhiteElo "2155"]
[BlackElo "2017"]
[PlyCount "47"]
[EventDate "2003.12.26"]
[EventType "swiss"]
[EventRounds "9"]
[EventCountry "FRA"]
[SourceTitle "CBM 098 Extra"]
[Source "ChessBase"]
[SourceDate "2004.03.10"]
[SourceVersion "2"]
[SourceVersionDate "2004.03.10"]
[SourceQuality "1"]

1. e4 e6 2. Nf3 d5 3. e5 c5 4. b4 c4 5. c3 a5 6. b5 a4 7. d3 cxd3 8. Bxd3 Nd7 9. 0-0 Nb6 10. Nd4 Bc5 11. Qg4 g6 12. Be3 Qc7 13. Qg3 Nc4 14. Bxc4 dxc4 15. Nd2 Bxd4 16. Bxd4 Ne7 17. Ne4 Nf5 18. Qf4 h5 19. Bc5 Bd7 20. b6 Qc6 21. Nf6+ Kd8 22. Rad1 Qxc5 23. Rxd7+ Kc8 24. Rc7+ 1-0

[Event "Bethune op 22nd"]
[Site "Bethune"]
[Date "2001.12.29"]
[Round "6"]
[White "Cochet, Caroline"]
[Black "Hulin, Jerome"]
[Result "0-1"]
[WhiteElo "2120"]
[BlackElo "1860"]
[PlyCount "66"]
[EventDate "2001.12.26"]
[EventType "swiss"]
[EventRounds "7"]
[EventCountry "FRA"]
[SourceTitle "CBM 085 Extra"]
[Source "ChessBase"]
[SourceDate "2002.01.21"]
[SourceVersion "1"]
[SourceVersionDate "2002.01.21"]
[SourceQuality "1"]

1. e4 e6 2. d4 d5 3. Nd2 Nf6 4. e5 Nfd7 5. f4 c5 6. c3 Nc6 7. Ndf3 Qb6 8. Ne2 f6 9. a3 Be7 10. g3 0-0 11. Bh3 cxd4 12. Bxe6+ Kh8 13. exf6 Nxf6 14. Bxc8 dxc3 15. Bxb7 cxb2 16. Bxb2 Qxb7 17. Qd2 Ne4 18. Qc2 Rac8 19. Nc3 Na5 20. 0-0 Bf6 21. Ne5 Nc4 22. Nxe4 dxe4 23. Rfb1 Nxe5 24. Bxe5 Qd7 25. Qxe4 Bxe5 26. Qxe5 Rfe8 27. Qb2 Qd3 28. Re1 Rxe1+ 29. Rxe1 h6 30. Re2 Qd1+ 31. Kg2 Rc1 32. Re8+ Kh7 33. Qe2 Rc2 0-1